Random Cities on a World Map - Statistics

General Stats
  • This quiz has been taken 44,807 times
  • The average score is 11 of 20
Answers on the Map
Answers color-coded by a green-red scale on the quiz's map according to % correct below.
 
Answer Stats
City % Correct
London
97%
Madrid
97%
New York
97%
Miami
96%
Amsterdam
95%
Kyiv
95%
Los Angeles
95%
Moscow
95%
Paris
95%
Rome
95%
San Francisco
95%
Lisbon
94%
Mexico City
94%
Barcelona
93%
Chicago
93%
Rio de Janeiro
93%
Santiago
93%
Tokyo
93%
Berlin
92%
Seoul
92%
Sydney
92%
Athens
91%
Brussels
91%
Cairo
91%
Cape Town
91%
Havana
91%
Lima
91%
Minsk
91%
Saint Petersburg
91%
Tunis
91%
Warsaw
91%
Boston
90%
Istanbul
90%
Milan
90%
São Paulo
89%
Stockholm
89%
Toronto
89%
Vienna
89%
Algiers
88%
Bogotá
88%
Brasília
88%
Houston
88%
Dallas
87%
Dubai
87%
Manchester
87%
Naples
87%
Vancouver
87%
Ankara
86%
Beijing
86%
Bucharest
86%
Buenos Aires
86%
Delhi
86%
Jakarta
86%
Manila
86%
Munich
86%
Pyongyang
86%
Tehran
86%
Baghdad
85%
Bangkok
85%
Melbourne
85%
Perth
85%
Taipei
85%
Caracas
84%
Frankfurt
84%
Johannesburg
84%
Montreal
84%
Singapore
84%
Hamburg
83%
Osaka
83%
Washington
83%
Alexandria
82%
Budapest
82%
Doha
82%
Kuwait City
82%
Lagos
82%
La Paz
82%
Mumbai
82%
Quito
82%
Riyadh
82%
Rotterdam
82%
Shanghai
82%
Tel Aviv
82%
Casablanca
81%
Hanoi
81%
Port-au-Prince
81%
Dhaka
80%
Guatemala City
79%
Rabat
79%
Addis Ababa
78%
Asunción
78%
Kabul
78%
Baku
77%
Birmingham
77%
Damascus
77%
Ho Chi Minh City
77%
Kuala Lumpur
77%
Amman
76%
Kathmandu
76%
Nairobi
76%
Khartoum
75%
Kinshasa
75%
Santo Domingo
75%
Dakar
74%
Cologne / Dusseldorf
73%
Philadelphia
73%
Abuja
72%
Colombo
72%
San José
72%
Brisbane
71%
Karachi
70%
Mogadishu
70%
Accra
69%
Luanda
69%
Mecca
69%
Sana'a
69%
Kolkata
68%
Leeds
68%
Medellín
68%
Antananarivo
67%
Kampala
67%
Guadalajara
66%
Tashkent
66%
Busan
65%
Phnom Penh
65%
Brazzaville
64%
Dar es Salaam
64%
Tijuana
64%
Guangzhou
63%
Lahore
63%
Jeddah
61%
Izmir
60%
Sapporo
60%
Harare
59%
Ouagadougou
59%
Chennai
58%
Durban
58%
Monterrey
58%
Wuhan
58%
Yaoundé
58%
Bamako
57%
Bangalore
57%
Stuttgart
57%
Gaza
56%
Lomé
54%
Maputo
53%
Recife
52%
Lusaka
51%
Hyderabad
50%
Yangon
50%
Conakry
49%
Nagoya
49%
Almaty
48%
Belo Horizonte
48%
Cali
48%
Ahmedabad
45%
Abidjan
44%
Chengdu
44%
Kano
44%
Guayaquil
43%
Chongqing
42%
Tianjin
42%
Chittagong
41%
Salvador
39%
Porto Alegre
38%
Barranquilla
37%
Fortaleza
37%
Surabaya
37%
Hyderabad
36%
Santa Cruz
35%
Xiamen
35%
Maracaibo
34%
Cebu
33%
Fukuoka
33%
Katowice
33%
Bandung
32%
Isfahan
32%
Puebla
32%
Pune
31%
Jaipur
30%
Douala
29%
Daegu
28%
Bursa
27%
Curitiba
27%
Mashhad
27%
Surat
27%
Faisalabad
26%
Ibadan
25%
Dammam
23%
Hangzhou
23%
Kumasi
23%
Lubumbashi
23%
Medan
23%
Port Harcourt
23%
The Ruhr
22%
Valencia
22%
Shenyang
20%
Kaohsiung
19%
Rawalpindi
19%
George Town
18%
León
18%
Taichung
17%
Campinas
14%
Okayama
14%
Peshawar
14%
Mbuji-Mayi
12%
Multan
12%
Toluca
12%
Semarang
11%
Gujranwala
10%
Kitakyushu
10%
No matching quizzes found
Score Distribution
Percent of People with Each Score
Percentile by Number Answered
Your Score History
You have not taken this quiz